Overwatch heroes by weapon name - Statistics

General Stats
  • This quiz has been taken 236 times
  • The average score is 24 of 28
Answer Stats
Weapon Hero % Correct
Shuriken Genji
96%
Hellfire Shotguns Reaper
96%
Storm Bow Hanzo
95%
Scrap Gun Roadhog
94%
Frag Launcher Junkrat
93%
Cadecues Staff/ Blaster Mercy
93%
Sonic Amplifier Lucio
92%
Widow's Kiss Widowmaker
92%
Rocket Hammer Reinhardt
91%
Heavy Pulse Rifle Soldier: 76
91%
Rivet Gun/ Forge Hammer Torbjorn
91%
Biotic Rifle Ana
90%
Rocket Launcher Pharah
89%
Pulse Pistols Tracer
89%
Tesla Cannon Winston
89%
Photon Projector Symmetra
88%
Orb Of Destruction Zenyatta
88%
Config. Recon/Sentry Bastion
87%
Peacekeeper Mccree
87%
Biotic Grasp Moira
85%
Particle Cannon Zarya
85%
Endothermic Blaster Mei
83%
Fusion Driver Orisa
83%
Machine Pistol Sombra
83%
Fusion cannon Dva
78%
Rocket Flail Brigitte
76%
Quad Cannons Wrecking Ball
66%
Hand Cannon Doomfist
65%
No matching quizzes found
Score Distribution
Percent of People with Each Score
Percentile by Number Answered
Your Score History
You have not taken this quiz